[Event "Titled Tuesday intern op 19th Apr Early"]
[Site "Chess.com INT"]
[Date "2022.04.19"]
[Round "1"]
[White "Gabdrakhmanov, Azat"]
[Black "Lagunov, Evgenij"]
[Result "1-0"]
[WhiteElo "2319"]
[BlackElo "2201"]
[PlyCount "65"]
[EventDate "2022.04.19"]
[EventType "swiss (blitz)"]
[EventRounds "11"]
[EventCountry "USA"]
[SourceTitle "EXT 2023"]
[Source "ChessBase"]
[SourceDate "2022.10.05"]
[SourceVersion "1"]
[SourceVersionDate "2022.10.05"]
[SourceQuality "1"]

1. e4 c5 2. Nf3 e6 3. d4 cxd4 4. Nxd4 Nf6 5. Nc3 Nc6 6. Ndb5 d6 7. Bf4 e5 8. Bg5 a6 9. Na3 b5 10. Bxf6 gxf6 11. Nd5 f5 12. exf5 Bxf5 13. c3 Bg7 14. Nc2 0-0 15. Nce3 Be6 16. g4 Qh4 17. Qf3 Rac8 18. Bd3 e4 19. Bxe4 Ne5 20. Qg3 Qd8 21. 0-0 Nc4 22. Qh3 h6 23. Nf4 Nd2 24. Bd3 Nxf1 25. Rxf1 Qg5 26. Nh5 b4 27. f4 Qc5 28. Nxg7 Kxg7 29. f5 bxc3 30. bxc3 Qxc3 31. f6+ Kg8 32. Qxh6 Qxd3 33. Qg7# 1-0

[Event "Titled Tuesday intern op 19th Apr Early"]
[Site "Chess.com INT"]
[Date "2022.04.19"]
[Round "10"]
[White "Lagunov, Evgenij"]
[Black "Kotepalli, Sai Nirupama"]
[Result "1-0"]
[WhiteElo "2201"]
[BlackElo "1912"]
[PlyCount "55"]
[EventDate "2022.04.19"]
[EventType "swiss (blitz)"]
[EventRounds "11"]
[EventCountry "USA"]
[SourceTitle "EXT 2023"]
[Source "ChessBase"]
[SourceDate "2022.10.05"]
[SourceVersion "1"]
[SourceVersionDate "2022.10.05"]
[SourceQuality "1"]

1. e4 c5 2. Nf3 e6 3. d4 cxd4 4. Nxd4 Nf6 5. Nc3 Nc6 6. Ndb5 Bb4 7. Nd6+ Ke7 8. Nxc8+ Rxc8 9. Bd3 d5 10. Bd2 Re8 11. 0-0 h6 12. a3 Bc5 13. exd5 Nxd5 14. Ne4 Bb6 15. Re1 Kf8 16. Qh5 Nf6 17. Qh4 Nxe4 18. Qxe4 Qd4 19. Bc3 Qxf2+ 20. Kh1 Qf5 21. Qh4 Bf2 22. Qa4 Qh5 23. Rf1 Bg3 24. h3 Be5 25. Qb5 Qg5 26. Bxe5 Nxe5 27. Qxb7 Nxd3 28. Qxf7# 1-0

[Event "Titled Tuesday intern op 29th Mar Early"]
[Site "Chess.com INT"]
[Date "2022.03.29"]
[Round "5"]
[White "Bashirli, Saadat"]
[Black "Lagunov, Evgenij"]
[Result "0-1"]
[WhiteElo "1421"]
[BlackElo "2201"]
[PlyCount "57"]
[EventDate "2022.03.29"]
[EventType "swiss (blitz)"]
[EventRounds "11"]
[EventCountry "USA"]
[SourceTitle "CBM 207 Extra"]
[Source "ChessBase"]
[SourceDate "2022.05.31"]
[SourceVersion "1"]
[SourceVersionDate "2022.05.31"]
[SourceQuality "1"]

1. d4 Nf6 2. Bg5 e6 3. e4 h6 4. Bxf6 Qxf6 5. c3 c5 6. Nf3 Nc6 7. Bb5 cxd4 8. cxd4 Be7 9. 0-0 0-0 10. Nc3 d6 11. d5 Ne5 12. Nxe5 Qxe5 13. Bd3 Bd7 14. Qf3 a6 15. Rac1 Bg5 16. Rcd1 Rac8 17. Qe2 b5 18. a3 Rfe8 19. dxe6 fxe6 20. g3 Bf6 21. f4 Qc5+ 22. Kg2 Bxc3 23. bxc3 Qxc3 24. Qa2 Kh8 25. Rf2 Qc5 26. Rc2 Qh5 27. Rxc8 Rxc8 28. Qb2 Qxd1 29. e5 0-1

[Event "Titled Tuesday intern op 29th Mar Early"]
[Site "Chess.com INT"]
[Date "2022.03.29"]
[Round "6"]
[White "Lagunov, Evgenij"]
[Black "Flis, Pawel"]
[Result "1-0"]
[WhiteElo "2201"]
[BlackElo "1885"]
[PlyCount "109"]
[EventDate "2022.03.29"]
[EventType "swiss (blitz)"]
[EventRounds "11"]
[EventCountry "USA"]
[SourceTitle "CBM 207 Extra"]
[Source "ChessBase"]
[SourceDate "2022.05.31"]
[SourceVersion "1"]
[SourceVersionDate "2022.05.31"]
[SourceQuality "1"]

1. e4 c5 2. Nf3 d6 3. d4 Nf6 4. Nc3 cxd4 5. Nxd4 a6 6. g3 g6 7. Bg2 Bg7 8. h3 0-0 9. Be3 Nc6 10. 0-0 Nxd4 11. Bxd4 Rb8 12. a4 Be6 13. Qd2 Qa5 14. Rfd1 Rfc8 15. g4 Qb4 16. Rab1 b5 17. axb5 axb5 18. Bxf6 Bxf6 19. Nd5 Qc5 20. Nxf6+ exf6 21. c3 Rd8 22. Rbc1 Bb3 23. Re1 Be6 24. Qf4 Kg7 25. Rcd1 Qe5 26. Qe3 Qc5 27. Rd4 b4 28. c4 b3 29. Rc1 Rb4 30. Bf1 Rc8 31. Rc3 Ra8 32. Kg2 Ra2 33. Rd2 Qxe3 34. fxe3 Raa4 35. Rxd6 Bxc4 36. Bxc4 Rxc4 37. Rxb3 Rxe4 38. Rd7 Rab4 39. Rxb4 Rxb4 40. Rd2 Kh6 41. Kg3 g5 42. Kf3 Kg6 43. Rc2 h5 44. Rg2 h4 45. Rc2 Kg7 46. Ke2 Rb3 47. Kd2 Kg6 48. Ke2 Kg7 49. Kf3 Rb4 50. Rd2 Kg6 51. Re2 Rb6 52. Ke4 Rb3 53. Kd4 f5 54. gxf5+ Kxf5 55. Kc4 1-0

[Event "Titled Tuesday intern op 29th Mar Early"]
[Site "Chess.com INT"]
[Date "2022.03.29"]
[Round "2"]
[White "Lagunov, Evgenij"]
[Black "Martin Duque, Jesus"]
[Result "0-1"]
[WhiteElo "2201"]
[BlackElo "2424"]
[PlyCount "104"]
[EventDate "2022.03.29"]
[EventType "swiss (blitz)"]
[EventRounds "11"]
[EventCountry "USA"]
[SourceTitle "CBM 207 Extra"]
[Source "ChessBase"]
[SourceDate "2022.05.31"]
[SourceVersion "1"]
[SourceVersionDate "2022.05.31"]
[SourceQuality "1"]

1. e4 c5 2. Nf3 b6 3. d4 cxd4 4. Nxd4 Bb7 5. Nc3 a6 6. Bc4 e6 7. Bb3 Qc7 8. a3 Nf6 9. Qe2 Bc5 10. Nf3 Nc6 11. Bg5 Ng4 12. Bh4 h6 13. Bg3 d6 14. h3 Nge5 15. Nxe5 dxe5 16. Qg4 0-0 17. Ne2 Rad8 18. 0-0 Rd2 19. Rad1 Rfd8 20. Rxd2 Rxd2 21. Bh4 Na5 22. Bxe6 fxe6 23. Qxe6+ Qf7 24. Qxf7+ Kxf7 25. b4 Rxe2 26. bxc5 b5 27. Rd1 Bxe4 28. Rd7+ Kg8 29. Bg3 Nc6 30. c3 Rc2 31. f3 Bf5 32. Rc7 Na5 33. Bxe5 Nc4 34. Rxg7+ Kf8 35. Bd4 Rc1+ 36. Kh2 Nd2 37. Kg3 Nf1+ 38. Kf4 Be6 39. c6 Rd1 40. Rg6 Bf7 41. Rxh6 Re1 42. Be5 Ne3 43. Rh8+ Ke7 44. c7 Nd5+ 45. Kf5 Be6+ 46. Kg6 Rxe5 47. c8Q Nf4+ 48. Kg7 Rg5+ 49. Kh6 Rg6+ 50. Kh7 Bxc8 51. Rxc8 Rxg2 52. Rc6 Kf7 0-1

[Event "Titled Tuesday intern op 29th Mar Early"]
[Site "Chess.com INT"]
[Date "2022.03.29"]
[Round "10"]
[White "Lagunov, Evgenij"]
[Black "Vusatiuk, Vladimir"]
[Result "0-1"]
[WhiteElo "2201"]
[BlackElo "2308"]
[PlyCount "92"]
[EventDate "2022.03.29"]
[EventType "swiss (blitz)"]
[EventRounds "11"]
[EventCountry "USA"]
[SourceTitle "CBM 207 Extra"]
[Source "ChessBase"]
[SourceDate "2022.05.31"]
[SourceVersion "1"]
[SourceVersionDate "2022.05.31"]
[SourceQuality "1"]

1. e4 c5 2. Nf3 a6 3. c4 Nc6 4. d4 cxd4 5. Nxd4 Nf6 6. Nc3 e6 7. Nxc6 bxc6 8. e5 Ng8 9. Ne4 Qa5+ 10. Nc3 Qxe5+ 11. Be2 d5 12. cxd5 cxd5 13. 0-0 Nf6 14. Re1 Qb8 15. Bf3 Be7 16. Qe2 Bb7 17. g3 0-0 18. Bf4 Bd6 19. Bg5 Nd7 20. Rac1 Ne5 21. Bg2 a5 22. Nb5 Ba6 23. a4 Bxb5 24. axb5 Nc4 25. b3 Na3 26. h4 Nxb5 27. h5 h6 28. Be3 Qb7 29. Qg4 Kh8 30. Bf1 Rac8 31. Bd3 Bb4 32. Red1 Nc3 33. Bd4 f5 34. Qg6 Nxd1 35. Rxd1 Qf7 36. Qxh6+ Kg8 37. Qg5 Bc3 38. Be3 Qf6 39. Qf4 e5 40. Qa4 e4 41. Be2 d4 42. Bf4 d3 43. Bf1 Be5 44. Be3 Kh8 45. h6 gxh6 46. Bg2 Rfd8 0-1

[Event "Titled Tuesday intern op 08th Feb Early"]
[Site "Chess.com INT"]
[Date "2022.02.08"]
[Round "6"]
[White "Lagunov, Evgenij"]
[Black "Dovbnia, Nikita"]
[Result "1-0"]
[WhiteElo "2201"]
[BlackElo "1944"]
[PlyCount "107"]
[EventDate "2022.02.08"]
[EventType "swiss (blitz)"]
[EventRounds "11"]
[EventCountry "USA"]
[SourceTitle "CBM 206 Extra"]
[Source "ChessBase"]
[SourceDate "2022.03.31"]
[SourceVersion "1"]
[SourceVersionDate "2022.03.31"]
[SourceQuality "1"]

1. e4 c5 2. Nf3 Nc6 3. d4 cxd4 4. Nxd4 e5 5. Nb5 d6 6. c4 Be7 7. N1c3 a6 8. Na3 f5 9. Bd3 f4 10. Bd2 Nf6 11. Nc2 Be6 12. Qe2 Qd7 13. 0-0-0 0-0 14. Kb1 Na7 15. g3 fxg3 16. hxg3 b5 17. f3 Rfc8 18. Nd5 bxc4 19. Bxc4 Bxd5 20. exd5 Nb5 21. g4 Qc7 22. Bd3 Rab8 23. Ka1 Qb7 24. Rb1 Qxd5 25. g5 Nd7 26. Bxh7+ Kf8 27. Bg6 Qg8 28. Qe4 Rxc2 29. Qxc2 Nd4 30. Qd3 Nc5 31. Qc3 Ncb3+ 32. axb3 Nxb3+ 33. Qxb3 Rxb3 34. Rbc1 Rxf3 35. Rc8+ Bd8 36. Rxd8+ Ke7 37. Rxg8 Rd3 38. Bxd3 Kf7 39. Rhh8 Ke6 40. Bg6 Kd5 41. Bf7+ Kd4 42. Rxg7 d5 43. Bc1 e4 44. Kb1 e3 45. Bxe3+ Kd3 46. g6 d4 47. Rgg8 dxe3 48. Rd8+ Ke2 49. Rhe8 Kf1 50. Rxe3 Kf2 51. Re6 Kg3 52. Rxa6 Kg2 53. g7 Kg1 54. g8Q+ 1-0

[Event "Titled Tuesday intern op 08th Feb Early"]
[Site "Chess.com INT"]
[Date "2022.02.08"]
[Round "1"]
[White "Lagunov, Evgenij"]
[Black "Kucuksari, Kaan"]
[Result "0-1"]
[WhiteElo "2201"]
[BlackElo "2362"]
[PlyCount "50"]
[EventDate "2022.02.08"]
[EventType "swiss (blitz)"]
[EventRounds "11"]
[EventCountry "USA"]
[SourceTitle "CBM 206 Extra"]
[Source "ChessBase"]
[SourceDate "2022.03.31"]
[SourceVersion "1"]
[SourceVersionDate "2022.03.31"]
[SourceQuality "1"]

1. e4 c5 2. Nf3 d6 3. d4 cxd4 4. Nxd4 Nf6 5. Nc3 a6 6. Be3 e5 7. Nb3 Be6 8. h3 Nc6 9. g4 d5 10. exd5 Nxd5 11. Nxd5 Bxd5 12. Rg1 Be7 13. Qd2 Bxb3 14. axb3 Qxd2+ 15. Bxd2 Nd4 16. 0-0-0 Rc8 17. Bc3 Bc5 18. Kb1 0-0 19. f4 Nxc2 20. Rg3 Ne3 21. Rxe3 Bxe3 22. Bxe5 f6 23. Bc4+ Rxc4 24. bxc4 fxe5 25. f5 Bd4 0-1

[Event "Titled Tuesday intern op 08th Feb Early"]
[Site "Chess.com INT"]
[Date "2022.02.08"]
[Round "3"]
[White "Lagunov, Evgenij"]
[Black "Varney, Zoe"]
[Result "0-1"]
[WhiteElo "2201"]
[BlackElo "1981"]
[PlyCount "86"]
[EventDate "2022.02.08"]
[EventType "swiss (blitz)"]
[EventRounds "11"]
[EventCountry "USA"]
[SourceTitle "CBM 206 Extra"]
[Source "ChessBase"]
[SourceDate "2022.03.31"]
[SourceVersion "1"]
[SourceVersionDate "2022.03.31"]
[SourceQuality "1"]

1. e4 e5 2. Nf3 Nc6 3. Bc4 Nf6 4. d3 Bc5 5. 0-0 a6 6. c3 d6 7. h3 Ba7 8. Bg5 h6 9. Bh4 g5 10. Nxg5 hxg5 11. Bxg5 Rg8 12. h4 Be6 13. Qf3 Rg6 14. Nd2 Qe7 15. Bd5 0-0-0 16. Nc4 Rdg8 17. Ne3 Nb8 18. Nf5 Bxf5 19. exf5 R6g7 20. Bxb7+ Kd8 21. d4 Nbd7 22. Rfe1 Rxg5 23. hxg5 Rxg5 24. Bxa6 e4 25. Qf4 Nd5 26. Qxe4 Qxe4 27. Rxe4 N7f6 28. Rh4 Nh5 29. g3 Ndf4 30. Kf1 Nd5 31. Re1 Kd7 32. g4 Ng7 33. f3 Nf6 34. Rh8 Nge8 35. Bb5+ c6 36. Bc4 d5 37. Bb3 Bb8 38. Ba4 Bg3 39. Re2 Bf4 40. Kg2 Bd6 41. Rf8 Bxf8 42. Bc2 Bd6 43. Kh3 Rg8 0-1

[Event "Titled Tuesday intern op 14th Dec"]
[Site "Chess.com INT"]
[Date "2021.12.14"]
[Round "6"]
[White "Lagunov, Evgenij"]
[Black "Lakshmi, Chidambaram"]
[Result "1-0"]
[WhiteElo "2201"]
[BlackElo "2058"]
[PlyCount "75"]
[EventDate "2021.12.14"]
[EventType "swiss (blitz)"]
[EventRounds "11"]
[EventCountry "USA"]
[SourceTitle "EXT 2023"]
[Source "ChessBase"]
[SourceDate "2022.10.05"]
[SourceVersion "1"]
[SourceVersionDate "2022.10.05"]
[SourceQuality "1"]

1. e4 c5 2. Nf3 Nc6 3. d4 cxd4 4. Nxd4 Nf6 5. Nc3 e5 6. Ndb5 d6 7. Nd5 Nxd5 8. exd5 Nb8 9. c4 a6 10. Nc3 Be7 11. Be2 0-0 12. 0-0 f5 13. a3 Nd7 14. b4 Nf6 15. f4 e4 16. Be3 Qe8 17. c5 Bd7 18. a4 Rc8 19. Qb3 Kh8 20. Rfd1 Ng4 21. Bxg4 fxg4 22. Nxe4 dxc5 23. bxc5 Bf5 24. Nd6 Bxd6 25. cxd6 Bc2 26. Qa3 Bxd1 27. Rxd1 Qe4 28. Bb6 Rc2 29. Qg3 Qf5 30. Re1 Qxd5 31. Bc7 Qc5+ 32. Kh1 Rc1 33. h3 Re8 34. Rxc1 Qxc1+ 35. Kh2 Re1 36. Qf2 g3+ 37. Kxg3 Qc3+ 38. Kh2 1-0

[Event "Titled Tuesday intern op 14th Dec"]
[Site "Chess.com INT"]
[Date "2021.12.14"]
[Round "2"]
[White "Ozen, Bahadir"]
[Black "Lagunov, Evgenij"]
[Result "1-0"]
[WhiteElo "2369"]
[BlackElo "2201"]
[PlyCount "97"]
[EventDate "2021.12.14"]
[EventType "swiss (blitz)"]
[EventRounds "11"]
[EventCountry "USA"]
[SourceTitle "EXT 2023"]
[Source "ChessBase"]
[SourceDate "2022.10.05"]
[SourceVersion "1"]
[SourceVersionDate "2022.10.05"]
[SourceQuality "1"]

1. g3 d5 2. Bg2 e6 3. Nf3 Nf6 4. 0-0 Be7 5. d4 0-0 6. c4 dxc4 7. Qa4 a6 8. Qxc4 b5 9. Qc2 Bb7 10. Bg5 Nbd7 11. Bxf6 Nxf6 12. Nbd2 Rc8 13. Nb3 Be4 14. Qc3 Qd5 15. Rac1 Nd7 16. Rfd1 Qa8 17. Qe3 a5 18. Ne1 Bxg2 19. Nxg2 a4 20. Na1 Rfe8 21. Nf4 c5 22. d5 exd5 23. Nxd5 Bf8 24. Qf4 Qc6 25. Nc2 Qb7 26. Nce3 Ne5 27. Qg5 Ng6 28. h4 h6 29. Qg4 Kh8 30. h5 Ne5 31. Qf5 Re6 32. Nf4 Ree8 33. Ned5 Nc4 34. b3 axb3 35. axb3 Ne5 36. Rc2 c4 37. bxc4 Rxc4 38. Rb2 Rc5 39. Qe4 Qa8 40. Qg2 Nc4 41. Rbb1 Re5 42. Nc3 Qb8 43. Nd3 b4 44. Nxc5 Bxc5 45. Ne4 Bf8 46. Rd3 Qc7 47. Qf3 f5 48. Nd2 Na3 49. Re1 1-0

[Event "Titled Tuesday intern op 23rd Nov"]
[Site "Chess.com INT"]
[Date "2021.11.23"]
[Round "3"]
[White "Lagunov, Evgenij"]
[Black "Sailer, Mike L"]
[Result "0-1"]
[WhiteElo "2201"]
[BlackElo "2109"]
[PlyCount "84"]
[EventDate "2021.11.23"]
[EventType "swiss (blitz)"]
[EventRounds "11"]
[EventCountry "USA"]
[SourceTitle "CBM 205 Extra"]
[Source "ChessBase"]
[SourceDate "2022.01.31"]
[SourceVersion "1"]
[SourceVersionDate "2022.01.31"]
[SourceQuality "1"]

1. e4 d5 2. exd5 Qxd5 3. Nc3 Qd6 4. d4 Nf6 5. g3 c6 6. Bf4 Qd8 7. Bg2 Bf5 8. Nf3 e6 9. Ne5 Nbd7 10. g4 Nxe5 11. gxf5 Nc4 12. fxe6 fxe6 13. Qe2 Nxb2 14. Rb1 Ba3 15. 0-0 Qe7 16. Rfe1 0-0 17. Qxe6+ Qxe6 18. Rxe6 Rae8 19. Rxe8 Rxe8 20. Be3 Nc4 21. Bf4 Nb6 22. Kf1 Rd8 23. Ne2 Bd6 24. Be5 Bxe5 25. dxe5 Ng4 26. f4 Nxh2+ 27. Kf2 Ng4+ 28. Kf3 Nh6 29. Bh3 g6 30. Ng3 Rd2 31. Ne4 Rxc2 32. Nf6+ Kf7 33. Rd1 Nd5 34. Nxh7 Rc3+ 35. Kg2 Nxf4+ 36. Kf2 Nxh3+ 37. Ke2 Nf4+ 38. Ke1 Ng4 39. Ng5+ Kg7 40. Rd7+ Kg8 41. e6 Re3+ 42. Kd2 Nxe6 0-1

[Event "Titled Tuesday intern op 23rd Nov"]
[Site "Chess.com INT"]
[Date "2021.11.23"]
[Round "1"]
[White "Mustafayev, Farid Farman Oglu"]
[Black "Lagunov, Evgenij"]
[Result "1-0"]
[WhiteElo "2299"]
[BlackElo "2201"]
[PlyCount "47"]
[EventDate "2021.11.23"]
[EventType "swiss (blitz)"]
[EventRounds "11"]
[EventCountry "USA"]
[SourceTitle "CBM 205 Extra"]
[Source "ChessBase"]
[SourceDate "2022.01.31"]
[SourceVersion "1"]
[SourceVersionDate "2022.01.31"]
[SourceQuality "1"]

1. d4 Nf6 2. c4 e6 3. Nc3 d5 4. cxd5 exd5 5. Bg5 c6 6. e3 Bf5 7. Bd3 Bxd3 8. Qxd3 Be7 9. Nge2 0-0 10. 0-0 a5 11. f3 Nbd7 12. Rad1 Re8 13. e4 Qb6 14. Kh1 dxe4 15. fxe4 Rad8 16. Qf3 h6 17. Bxf6 Nxf6 18. e5 Nd5 19. Qxf7+ Kh8 20. Nxd5 cxd5 21. Nf4 Bf8 22. Rd3 Qxb2 23. Rh3 Kh7 24. Rxh6+ 1-0

[Event "Titled Tuesday intern op 16th Nov"]
[Site "Chess.com INT"]
[Date "2021.11.16"]
[Round "9"]
[White "Lagunov, Evgenij"]
[Black "Lauridsen, Jesper Morch"]
[Result "1-0"]
[WhiteElo "2201"]
[BlackElo "2215"]
[PlyCount "77"]
[EventDate "2021.11.16"]
[EventType "swiss (blitz)"]
[EventRounds "11"]
[EventCountry "USA"]
[SourceTitle "CBM 205 Extra"]
[Source "ChessBase"]
[SourceDate "2022.01.31"]
[SourceVersion "1"]
[SourceVersionDate "2022.01.31"]
[SourceQuality "1"]

1. e4 e6 2. d4 d5 3. e5 c5 4. c3 Nc6 5. a3 Bd7 6. Nf3 Qb6 7. b4 cxb4 8. axb4 Rc8 9. Bd3 a5 10. bxa5 Nxa5 11. 0-0 Nb3 12. Ra2 Nxc1 13. Qxc1 Nh6 14. Rb2 Qc7 15. Qf4 Be7 16. Qg3 0-0 17. Ng5 Nf5 18. Qg4 f6 19. Nf3 fxe5 20. Nxe5 Bd6 21. Re1 Rf6 22. g3 Rcf8 23. Nxd7 Qxd7 24. f4 Qf7 25. Nd2 h5 26. Qe2 h4 27. Bxf5 exf5 28. Nf3 hxg3 29. hxg3 Qh5 30. Ng5 Qh6 31. Qh2 Rg6 32. Rxb7 Rxg5 33. fxg5 Qxg5 34. Qg2 Bxg3 35. Qxd5+ Kh8 36. Qg2 f4 37. Re5 Qg6 38. Qd5 Bh4+ 39. Kf1 1-0

[Event "Titled Tuesday intern op 16th Nov"]
[Site "Chess.com INT"]
[Date "2021.11.16"]
[Round "3"]
[White "Politov, Pavel Y"]
[Black "Lagunov, Evgenij"]
[Result "1-0"]
[WhiteElo "2190"]
[BlackElo "2201"]
[PlyCount "87"]
[EventDate "2021.11.16"]
[EventType "swiss (blitz)"]
[EventRounds "11"]
[EventCountry "USA"]
[SourceTitle "CBM 205 Extra"]
[Source "ChessBase"]
[SourceDate "2022.01.31"]
[SourceVersion "1"]
[SourceVersionDate "2022.01.31"]
[SourceQuality "1"]

1. e4 c5 2. Nf3 e6 3. d4 cxd4 4. Nxd4 Nf6 5. Nc3 Nc6 6. Nxc6 bxc6 7. e5 Nd5 8. Ne4 Qc7 9. f4 Qb6 10. c4 Ne3 11. Qd3 Bb4+ 12. Ke2 Nxf1 13. Rxf1 0-0 14. Be3 Qd8 15. a3 Be7 16. b4 a5 17. Bc5 f5 18. Nd6 Ba6 19. Kf2 Kh8 20. Kg1 g5 21. fxg5 Bxg5 22. Nxf5 exf5 23. Bxf8 Qxf8 24. Rxf5 Qg7 25. Raf1 axb4 26. Rf7 Qg6 27. Qd4 Qe6 28. Qe4 Qg6 29. Qd4 Qe6 30. axb4 Bxc4 31. Qe4 Qxf7 32. Rxf7 Bxf7 33. b5 Bd5 34. Qf5 Ra1+ 35. Kf2 Ra2+ 36. Ke1 Be7 37. b6 Bb4+ 38. Kd1 Bb3+ 39. Kc1 Ba3+ 40. Kb1 Rb2+ 41. Ka1 Ra2+ 42. Kb1 Rd2 43. Qf8+ Bxf8 44. b7 1-0

[Event "Titled Tuesday intern op 05th Oct"]
[Site "Chess.com INT"]
[Date "2021.10.05"]
[Round "10"]
[White "Lagunov, Evgenij"]
[Black "Dolzhikova, Kateryna"]
[Result "0-1"]
[WhiteElo "2201"]
[BlackElo "2134"]
[PlyCount "74"]
[EventDate "2021.10.05"]
[EventType "swiss (blitz)"]
[EventRounds "11"]
[EventCountry "USA"]
[SourceTitle "CBM 204 Extra"]
[Source "ChessBase"]
[SourceDate "2021.11.30"]
[SourceVersion "1"]
[SourceVersionDate "2021.11.30"]
[SourceQuality "1"]

1. e4 c5 2. Nf3 Nc6 3. d4 cxd4 4. Nxd4 Nf6 5. Nc3 e5 6. Ndb5 d6 7. Bg5 a6 8. Bxf6 gxf6 9. Na3 f5 10. Nc4 fxe4 11. Nxe4 d5 12. Qxd5 Be6 13. Qxd8+ Rxd8 14. c3 Be7 15. Be2 f5 16. Ned2 0-0 17. b3 b5 18. Nb2 e4 19. h4 Bf6 20. Rc1 b4 21. Nd1 bxc3 22. Nxc3 Nb4 23. Nc4 Nd3+ 24. Bxd3 Rxd3 25. Ne2 Bxc4 26. bxc4 Rc8 27. Nf4 Ra3 28. Rc2 Bc3+ 29. Ke2 Be5 30. Nd5 Kf7 31. Rb1 Rd3 32. Rcc1 Kf8 33. g3 Rd4 34. Ne3 f4 35. gxf4 Bxf4 36. Nd5 Bxc1 37. Rxc1 Rxd5 0-1

[Event "Titled Tuesday intern op 05th Oct"]
[Site "Chess.com INT"]
[Date "2021.10.05"]
[Round "4"]
[White "Lagunov, Evgenij"]
[Black "Havanecz, Bianka"]
[Result "0-1"]
[WhiteElo "2201"]
[BlackElo "2224"]
[PlyCount "92"]
[EventDate "2021.10.05"]
[EventType "swiss (blitz)"]
[EventRounds "11"]
[EventCountry "USA"]
[SourceTitle "CBM 204 Extra"]
[Source "ChessBase"]
[SourceDate "2021.11.30"]
[SourceVersion "1"]
[SourceVersionDate "2021.11.30"]
[SourceQuality "1"]

1. e4 c6 2. d4 d5 3. e5 c5 4. c3 Nc6 5. Be3 cxd4 6. cxd4 Qb6 7. Qd2 Bf5 8. Nc3 e6 9. Nf3 Bb4 10. Be2 Nge7 11. 0-0 0-0 12. Rfc1 Rfc8 13. a3 Bxc3 14. Rxc3 Na5 15. b4 Nc4 16. Qc1 Nxe3 17. Qxe3 Rxc3 18. Qxc3 Rc8 19. Qb3 Bg4 20. Qd3 Bxf3 21. Bxf3 Nf5 22. Bxd5 Nxd4 23. Be4 g6 24. h4 Rc2 25. Rd1 Ne2+ 26. Kf1 Rb2 27. Qd8+ Qxd8 28. Rxd8+ Kg7 29. Bxb7 Nf4 30. Bf3 Rb3 31. Rd4 Nd3 32. Re4 Rxa3 33. Ke2 Nb2 34. Re3 Ra2 35. Rc3 Na4+ 36. Kd3 Nxc3 37. Kxc3 Rxf2 38. b5 h5 39. Kb4 Rf1 40. Kc5 Re1 41. Kd6 Rb1 42. Bc6 Rb4 43. Kc7 Rxh4 44. Kb8 Rb4 45. Kxa7 g5 46. b6 Kg6 0-1

[Event "Titled Tuesday intern op 20th July"]
[Site "Chess.com INT"]
[Date "2021.07.20"]
[Round "6"]
[White "Bogumil, Tatiana"]
[Black "Lagunov, Evgenij"]
[Result "0-1"]
[WhiteElo "2182"]
[BlackElo "2201"]
[PlyCount "74"]
[EventDate "2021.07.20"]
[EventType "swiss (blitz)"]
[EventRounds "11"]
[EventCountry "USA"]
[SourceTitle "CBM 203 Extra"]
[Source "ChessBase"]
[SourceDate "2021.09.30"]
[SourceVersion "1"]
[SourceVersionDate "2021.09.30"]
[SourceQuality "1"]

1. Nf3 d5 2. c4 e6 3. b3 Nf6 4. Bb2 Be7 5. g3 b6 6. Bg2 Bb7 7. 0-0 0-0 8. d3 c5 9. Nbd2 Nc6 10. a3 h6 11. Ra2 Qd7 12. Re1 Rfd8 13. Ne5 Nxe5 14. Bxe5 dxc4 15. bxc4 Bxg2 16. Kxg2 Qc6+ 17. Nf3 Ng4 18. Bc3 Bf6 19. Bxf6 Nxf6 20. Qa1 Rd6 21. Kg1 Rad8 22. a4 Nd7 23. a5 b5 24. cxb5 Qxb5 25. Nd2 Nf6 26. Nc4 Rd5 27. a6 R5d7 28. Ra5 Qb8 29. Rb1 Qc8 30. Rab5 Nd5 31. Qa5 Rc7 32. Kg2 Rc6 33. Ne5 Rxa6 34. Qd2 Rb6 35. Nc4 Rxb5 36. Rxb5 Qc6 37. Qb2 Ne3+ 0-1

[Event "Titled Tuesday intern op 20th July"]
[Site "Chess.com INT"]
[Date "2021.07.20"]
[Round "4"]
[White "Hartikainen, Jarmo"]
[Black "Lagunov, Evgenij"]
[Result "1-0"]
[WhiteElo "2142"]
[BlackElo "2201"]
[PlyCount "75"]
[EventDate "2021.07.20"]
[EventType "swiss (blitz)"]
[EventRounds "11"]
[EventCountry "USA"]
[SourceTitle "CBM 203 Extra"]
[Source "ChessBase"]
[SourceDate "2021.09.30"]
[SourceVersion "1"]
[SourceVersionDate "2021.09.30"]
[SourceQuality "1"]

1. e4 c5 2. Nf3 e6 3. d4 cxd4 4. Nxd4 Nf6 5. Nc3 Nc6 6. Ndb5 d6 7. Bf4 e5 8. Bg5 a6 9. Bxf6 gxf6 10. Na3 b5 11. Nd5 f5 12. Bd3 Be6 13. Qh5 Bg7 14. 0-0-0 Bxd5 15. exd5 Ne7 16. Bxf5 Nxf5 17. Qxf5 Rc8 18. h4 0-0 19. g4 e4 20. g5 Re8 21. h5 Qa5 22. g6 Rc7 23. gxh7+ Kh8 24. h6 Be5 25. Rhg1 Qb4 26. Rg8+ Rxg8 27. hxg8Q+ Kxg8 28. Rg1+ Kf8 29. h7 Qxb2+ 30. Kd1 Qa1+ 31. Ke2 Qxg1 32. Qxe5 Qg4+ 33. Ke1 dxe5 34. h8Q+ Qg8 35. Qxe5 Re7 36. Qb8+ Kg7 37. Qg3+ Kh8 38. Qh4+ 1-0